Stepping up of latex crepe production in excisting factories (Record no. 69314)

MARC details
000 -LEADER
fixed length control field 00408nam a2200145Ia 4500
100 ## - MAIN ENTRY--AUTHOR NAME
Personal name Nadarajah M
245 #0 - TITLE STATEMENT
Title Stepping up of latex crepe production in excisting factories
260 ## - PUBLICATION, DISTRIBUTION, ETC. (IMPRINT)
Name of publisher Rubber Research Institute of Sri Lanka Bulletin
Year of publication 1974
300 ## - PHYSICAL DESCRIPTION
Number of Pages 56-60
650 ## - SUBJECT ADDED ENTRY--TOPICAL TERM
Topical Term Latex crepe
650 ## - SUBJECT ADDED ENTRY--TOPICAL TERM
Topical Term Sri Lanka
700 ## - ADDED ENTRY--PERSONAL NAME
Personal name Muthukuda D S
942 ## - ADDED ENTRY ELEMENTS (KOHA)
Koha item type Journals
Holdings
Withdrawn status Lost status Damaged status Not for loan Home library Current library Shelving location Date acquired Serial Enumeration / chronology Koha item type
      Journals RRII Library RRII Library Rubber chemistry 17/12/2021 Volume 9, Issue 04-Mar Journals